000 00366nam a2200157Ia 4500
003 Ost
005 20260225132545.0
008 260225s9999||||xx |||||||||||||| ||und||
040 _cfsic
041 _afre
082 _a440
100 _aNora Alexandra kazi-tani
_eAuteur
245 0 _aMythe et politique /
245 0 _cNora Alexandra kazi-tani
942 _cكتاب
999 _c33802
_d33802